000 01452nam a2200397 i 4500
001 ELB30694
003 FlNmELB
006 m o d |
007 cr cnu||||||||
008 160412s2009 sp o 000 0 spa d
035 _a(MiAaPQ)EBC4423317
035 _a(Au-PeEL)EBL4423317
035 _a(CaPaEBR)ebr11162826
035 _a(OCoLC)984771959
040 _aFINmELB
_bspa
_erda
_cFINmELB
050 4 _aHG4028.C4
_bF9812 2009
080 _a330.322.54
082 0 _a658.152
_223
245 0 3 _aEl capital productivo español /
_cFundación BBVA.
264 1 _aBilbao :
_bFundación BBVA,
_c2009.
300 _a1 recurso en línea (16 páginas)
336 _atexto
_btxt
_2rdacontent/spa
337 _acomputadora
_bc
_2rdamedia/spa
338 _arecurso en línea
_bcr
_2rdacarrier/spa
490 1 _aCapital y crecimiento ;
_v7/2009
588 _aDescripción basada en recurso en línea; Título de la página del título en PDF (e-libro, visto April 12, 2016).
590 _aRecurso electronico. Santa Fe, Arg. : e-libro, 2016. Disponible via World Wide Web. El acceso puede ser limitado para las bibliotecas afiliadas a e-libro.
650 0 _aCapital investments.
650 0 _aIndustrial productivity.
650 4 _aCapital.
651 4 _aEspaña.
655 4 _aLibros electrónicos.
797 2 _ae-libro, Corp.
830 0 _aCapital y crecimiento ;
_v7/2009.
856 4 0 _uhttps://elibro.net/ereader/usam/30694
999 _c152973
_d152973